La apuesta del Sínodo, los cauces del Concilio / (Record no. 89810)
[ view plain ]
| 000 -LEADER | |
|---|---|
| campo de control de longitud fija | 00732nam a2200217 i 4500 |
| 001 - NÚMERO DE CONTROL | |
| campo de control | 89810 |
| 003 - IDENTIFICADOR DE NÚMERO DE CONTROL | |
| campo de control | ES-MaACL |
| 005 - FECHA Y HORA DE LA ÚLTIMA TRANSACCIÓN | |
| campo de control | 20250809063508.0 |
| 007 - CAMPO FIJO DE DESCRIPCIÓN FÍSICA--INFORMACIÓN GENERAL | |
| campo de control de longitud fija | t| |
| 008 - DATOS DE LONGITUD FIJA--INFORMACIÓN GENERAL | |
| campo de control de longitud fija | 050113s1968 sp ||||1| spa d |
| 100 1# - ENTRADA PRINCIPAL--NOMBRE DE PERSONA | |
| Nombre de persona | Laurentin, René, |
| Fechas asociadas al nombre | 1917-2017 |
| 9 (RLIN) | 70642 |
| 245 13 - MENCIÓN DEL TÍTULO | |
| Título | La apuesta del Sínodo, los cauces del Concilio / |
| Mención de responsabilidad, etc. | René Laurentin ; versión, Cecilio Sánchez Gil. |
| 260 ## - PUBLICACIÓN, DISTRIBUCIÓN, ETC. | |
| Lugar de publicación, distribución, etc. | [Madrid] : |
| Nombre del editor, distribuidor, etc. | Taurus, |
| Fecha de publicación, distribución, etc. | [1968] |
| 300 ## - DESCRIPCIÓN FÍSICA | |
| Extensión | 395 p. ; |
| Dimensiones | 18 cm. |
| 490 1# - MENCIÓN DE SERIE | |
| Mención de serie | El Futuro de la Verdad ; |
| Designación de volumen o secuencia | 33 |
| 611 04 - PUNTO DE ACCESO ADICIONAL DE MATERIA--NOMBRE DE REUNIÓN/CONGRESO | |
| Nombre de congreso/reunión o jurisdicción como elemento de entrada | Concilio Vaticano ( |
| Número del congreso/reunión o número de parte o sección | 2º. |
| Fecha del congreso o de la firma del tratado | 1962-1965) |
| 9 (RLIN) | 122 |
| 700 1# - ENTRADA AGREGADA--NOMBRE PERSONAL | |
| Nombre de persona | Sánchez Gil, Cecilio. |
| 9 (RLIN) | 102671 |
| 830 0# - PUNTO DE ACCESO ADICIONAL DE SERIE-TÍTULO UNIFORME | |
| Título uniforme | El Futuro de la Verdad ; |
| Designación de volumen o secuencia | 33 |
| 9 (RLIN) | 180936 |
| 852 ## - LOCALIZACIÓN | |
| Ubicación | ES-MaACL |
| Número de control de estantería | C-36262 |
| Sublocalización o colección | R.68980 |
| Estatus retirado | Estado de pérdida | Estado de daño | No para préstamo | Biblioteca de origen | Biblioteca actual | Ubicación en estantería | Fecha de adquisición | Fuente de adquisición | Total de préstamos | Signatura topográfica completa | Código de barras | Visto por última vez | Precio de reemplazo | Tipo de ítem Koha |
|---|---|---|---|---|---|---|---|---|---|---|---|---|---|---|
| Biblioteca del Ateneo de Madrid | Biblioteca del Ateneo de Madrid | Depósito 2 | 17/01/2008 | C-36262 | 1093792 | 23/02/2023 | 23/02/2023 | Libro impreso |
